000 00540nam a22001817a 4500
003 OSt
005 20260324022413.0
008 260324b |||||||| |||| 00| 0 eng d
020 _a9789718343708
040 _aDWCL GS lib
_cOC
082 _aProf. 158.1 M358 2023
100 _aMarr, Steve
245 _aWinning Attitude :
_bDevotional /
260 _aManila, Philippines
_bLighthouse Inspirational Books & Gifts, Inc.
_cc2023.
300 _avii, 255 pages:
_billustrations
_c15cm.
546 _aEnglish
942 _2ddc
_cPROF.
_hProf.
_n0
999 _c9271
_d9271